000 00902nam a2200253 i 4500
001 bg
100 1 _aTUBEK, Iwona
245 1 0 _aMetody badań stosowane w ocenie narządu ruchu i w chorobach wewnętrznych :
_bskrypt dla studentów fizjoterapii i wychowania fizycznego /
_cIwona Tubek, Sławomir Tubek, Renata Szyguła.
260 _aOpole :
_bOficyna Wydawnicza PO,
_c2002.
300 _a89, [1] s. ;
_c24 cm.
490 1 _aSkrypt / Politechnika Opolska,
_x1427-9932 ;
_vnr 247
504 _aBibliogr.
650 9 _aUkład ruchu
_xchoroby
_xdiagnostyka
650 9 _aChoroby wewnętrzne
_xdiagnostyka
_xmetody
655 _aPodręczniki akademickie
700 1 _aTUBEK, Sławomir
700 1 _aSZYGUŁA, Renata
830 0 _aSkrypt (Politechnika Opolska) ;
_vnr 247
040 _cBPK
041 0 _apol
080 _a616-07(075.8)
942 _cKS
008 s pl f |000 0 pol
999 _c42824
_d42824
856 _uhttp://koha.tu.koszalin.pl/cgi-bin/koha/opac-detail.pl?biblionumber=42824
_yKatalog online BPK